|
|
|
|
| LEADER |
01251nam a2200241 a 4500 |
| 001 |
GR-Patra31183 |
| 008 |
991022s2009 gr g 000 0 gre d |
| 020 |
|
|
|a 9789605125899
|
| 040 |
|
|
|a GrPaTEI
|b gre
|c GR-PaULI
|
| 082 |
|
0 |
|a 005.36
|2 22
|
| 100 |
1 |
|
|a Omura, George
|
| 245 |
1 |
0 |
|a AutoCAD 2010 :
|b οπτικός οδηγός /
|c George Omura ; Απόδοση: Μήλιος Αγαμέμνων.
|
| 260 |
|
|
|a Αθήνα :
|b Μ. Γκιούρδας,
|c 2010
|
| 300 |
|
|
|a 395σ.
|
| 650 |
|
0 |
|a AutoCAD 2010
|
| 650 |
|
4 |
|a Ηλεκτρονικοί υπολογιστές
|x Προγράμματα ( AutoCAD)
|
| 700 |
1 |
|
|a Μήλιος, Αγαμέμνων
|
| 710 |
0 |
|
|a Οργανισμός Εκδόσεως Διδακτικών Βιβλίων
|
| 710 |
2 |
|
|a Ελλάδα.Υπουργείο Εθνικής Παιδείας και Θρησκευμάτων.Τεχνολογικό Εκπαιδευτικό Ιδρυμα Λάρισας.Σχολή Διοίκησης και Οικονομίας
|
| 942 |
|
|
|2 ddc
|
| 952 |
|
|
|0 0
|1 0
|2 ddc
|4 0
|6 005_360000000000000_AUT
|7 1
|9 313764
|a LISK
|b LISK
|c BSC
|d 2021-01-17
|e 24
|f 0
|g 0.00
|l 0
|o 005.36 AUT
|p 92410051629
|r 2021-01-17 00:00:00
|t 1
|w 2021-01-17
|y BKN
|x 20120618 0 0
|x GrPaTEI
|
| 971 |
|
|
|a .b26787556
|b 15-04-20
|c 26-09-16
|
| 999 |
|
|
|c 179502
|d 179502
|